000 01148cam a2200205 4500
001 WB@3612-744
008 041209n2004 000 0 eng u
035 _a(Sirsi) u128261
245 _aRICS Awards 2005
260 _c2004
490 _aRICS Press Release
_v(pr103) 3 December 2004 (2)
520 _aThe RICS Awards 2005 have opened with an overwhelmingly positive response from the built environment sector. Enquiries about the 2005 Awards are at record levels, and the annual event looks set to attract a large number of high-quality entries. RICS is calling upon teams and individuals involved in delivering outstanding building projects to submit their entries for the RICS Awards 2005. A revised format for 2005 will see schemes competing in regional heats, with the best entrants from each region forming the shortlist for the main awards. The closing date for entries is 31 December 2004. For further information go to the website. http://www.rics.org.
590 _aWB
590 _aWB
650 _aABOUT RICS-AWARDS
650 _aBUILT ENVIRONMENT
650 _aBUILDING CONSERVATION
690 _aRICS NEWS
942 _n0
999 _c118426
_d118426